[Event "II Criciúma Chess Open - A1700 - 12-18"]
[Site "Criciúma SC"]
[Date "2024.01.15"]
[Round "5.10"]
[White "Federzoni, Enzo"]
[Black "Borges, Guilherme Deola"]
[Result "1/2-1/2"]
[WhiteElo "2170"]
[BlackElo "2142"]
[PlyCount "51"]
[EventDate "2024.01.12"]
[EventRounds "9"]
[EventCountry "BRA"]

1. e4 c5 2. Nf3 Nc6 3. d4 cxd4 4. Nxd4 g6 5. c4 Nf6 6. Nc3 d6 7. Be2 Nxd4 8.
Qxd4 Bg7 9. O-O O-O 10. Qd3 Bd7 11. Be3 ({RR} 11. Rd1 Bc6 12. Be3 a5 13. b3 Nd7
14. Qc2 Qc7 15. Rac1 Rfc8 16. Bg4 e6 17. Be2 Nc5 18. Bd4 Bxd4 19. Rxd4 Rd8 20.
Rcd1 e5 21. R4d2 Ne6 22. Rd3 b5 23. R3d2 Nd4 24. Bg4 {1/2-1/2 (24) Pniaczek,M 
(2329)-Ustiyanovich,N (2344) Poronin POL 2022}) 11... a6 12. Rfd1 ({RR} 12. a4
a5 13. c5 dxc5 14. Bxc5 Bc6 15. Qe3 Qd7 16. f3 Qe6 17. Nb5 Bxb5 18. Bxb5 Nd7
19. Ba3 Ne5 20. Rac1 Rfd8 21. Kh1 Nc6 22. Qb6 Rab8 23. Bxc6 bxc6 24. Qxa5 Ra8
25. Qc7 Rdc8 26. Qxe7 Qxe7 {Almasi,Z (2620)-Khalifman,A (2645) Wijk aan Zee
1995 1/2-1/2 (43)}) 12... Bc6 13. b4 $146 ({RR} 13. Rac1 b5 14. cxb5 axb5 15.
a3 Rb8 16. f3 b4 17. axb4 Rxb4 18. Qa6 Qa8 19. Rd2 Qxa6 20. Bxa6 Rfb8 21. Na2
Ra4 22. Rxc6 Rxa2 23. Bc4 Ra1+ 24. Kf2 Nd7 25. b3 Ne5 26. Rc7 Nxc4 27. bxc4 Bc3
{Smokina,K (2180)-Moroianu,G Eforie Nord 1998 0-1 (59)}) ({RR} 13. Qc2 Qa5 14.
Rac1 Rfc8 15. Qb1 h5 16. b4 Qe5 17. Bd4 Qg5 18. Bf3 b5 19. Nd5 Bxd5 20. Be3 Qh4
21. cxd5 Ng4 22. Bxg4 hxg4 23. Rxc8+ Rxc8 24. Rc1 Rxc1+ 25. Qxc1 Qf6 26. h3 Qc3
27. hxg4 Qxb4 {Schlosser,P (2550)-Leko,P (2555) Brno 1993 1/2-1/2}) 13... b5
14. Rac1 Qd7 15. f3 Rfc8 16. c5 dxc5 17. Bxc5 Qxd3 18. Rxd3 e6 19. Rcd1 Bf8 20.
Bxf8 Kxf8 21. e5 Nd5 22. Nxd5 Bxd5 23. Ra3 g5 24. Bd3 Kg7 25. Kf2 Rc6 26. Ke3
1/2-1/2

[Event "II Criciúma Chess Open - A1700 - 12-18"]
[Site "Criciúma SC"]
[Date "2024.01.15"]
[Round "5.11"]
[White "Caetano, Ryan Wesley Da Cost"]
[Black "Mariani, Daniel Brandao"]
[Result "1-0"]
[WhiteElo "2184"]
[BlackElo "2040"]
[PlyCount "77"]
[EventDate "2024.01.12"]
[EventRounds "9"]
[EventCountry "BRA"]

1. e4 e6 2. d4 d5 3. e5 c5 4. c3 Nc6 5. Nf3 Bd7 6. Be2 f6 7. O-O Qc7 8. Bf4
fxe5 ({RR} 8... Nge7 9. Bd3 f5 10. Re1 c4 11. Bc2 Ng6 12. Bg3 Be7 13. h4 O-O
14. b3 b5 15. Nbd2 Qd8 16. h5 Nh8 17. a4 cxb3 18. Nxb3 b4 19. Nc5 bxc3 20. Ra3
Bxc5 21. dxc5 Qa5 22. Qd3 Nb4 23. Qxc3 {Galdunts,S (2470)-Komarov,D (2475)
Kherson 1991 1/2-1/2}) ({RR} 8... O-O-O 9. Bg3 f5 10. c4 dxc4 11. d5 exd5 12.
Qxd5 f4 13. Bxf4 b5 14. Qe4 Be6 15. Nc3 Qb7 16. Bg5 Be7 17. Qe3 Nd4 18. Ne4 Qc6
19. Bd1 h6 20. Nd6+ Kb8 21. Bxe7 Nxe7 22. Nxd4 cxd4 23. Qxd4 {Neuschmied,S 
(2230)-Hengl,C (2207) Austria 2014 1-0}) 9. Nxe5 Bd6 10. Re1 Bxe5 11. dxe5 $146
({RR} 11. Bxe5 Nxe5 12. dxe5 Ne7 13. Bd3 O-O 14. Qc2 h6 15. b3 b5 16. c4 bxc4
17. bxc4 d4 18. Nd2 Nc6 19. Be4 Rab8 20. Nf3 Nb4 21. Qe2 Bc6 22. a3 Bxe4 23.
Qxe4 Nc6 24. Rab1 Na5 25. Nd2 Qf7 {Miranda Gonzalez,J (2060)-Busto Prendes,A
Asturias 2003 1/2-1/2 (34)}) 11... Nge7 12. c4 O-O 13. Bg3 d4 14. Nd2 Nf5 15.
Bd3 Nce7 16. Ne4 Nxg3 17. Nxg3 Be8 18. Qg4 Qb6 19. Bxh7+ Kxh7 20. Qh4+ Kg8 21.
Qxe7 Qxb2 22. Qxe6+ Bf7 23. Qg4 Bxc4 24. Ne4 Bd3 25. Nf6+ Kf7 26. Nh5 Ke7 27.
Qxg7+ Ke6 28. Qh6+ Kd5 29. Nf4+ Kc4 30. Qe6+ Kc3 31. Nxd3 Kxd3 32. Rad1+ Kc3
33. Rc1+ Kb4 34. Rb1 Rxf2 35. Rxb2+ Rxb2 36. Qd5 Rc8 37. Qxb7+ Kc3 38. Rc1+ Rc2
39. Qb3+ 1-0

[Event "II Criciúma Chess Open - A1700 - 12-18"]
[Site "Criciúma SC"]
[Date "2024.01.15"]
[Round "5.12"]
[White "Pedroso, Denian"]
[Black "Cubas, Jose Fernando"]
[Result "0-1"]
[WhiteElo "1924"]
[BlackElo "2427"]
[PlyCount "92"]
[EventDate "2024.01.12"]
[EventRounds "9"]
[EventCountry "BRA"]

1. e4 d5 2. exd5 Nf6 3. Nf3 Nxd5 4. d4 Bf5 5. Be2 e6 6. O-O Be7 7. c4 Nb6 ({RR
} 7... Nf6 8. Nc3 c6 9. Bf4 O-O 10. Qb3 Qb6 11. c5 Qxb3 12. axb3 Nbd7 13. Ne5
Nxe5 14. Bxe5 Ne4 15. Ra4 Nd2 16. Rfa1 Nxb3 17. R1a3 Bc2 18. Rxa7 Rxa7 19. Rxa7
Nc1 20. Rxb7 Nxe2+ 21. Nxe2 Bg5 22. f4 {Dumas,G-Deswarte,S (1716)
Europe-Echecs INT 2022 1-0 (39)}) 8. b3 $146 ({RR} 8. Be3 O-O 9. Nc3 c6 10. Qd2
N8d7 11. Rad1 Nf6 12. Qc1 Ne4 13. Nxe4 Bxe4 14. Ng5 Bg6 15. f3 Rc8 16. Ne4 Nd7
17. a3 Nf6 18. Bd3 Qd7 19. Nxf6+ Bxf6 20. Bxg6 hxg6 21. Rf2 {1/2-1/2 (22)
Weissmann,L (2138)-Kufa,P (2179) Czechia 2005}) ({RR} 8. Be3 O-O 9. Nc3 Nc6 10.
Qd2 Bf6 11. Rad1 Qe7 12. h3 h6 13. Qc1 Rfd8 14. Rd2 g5 15. Rfd1 Kg7 16. b3 Bg6
17. d5 Ne5 18. Nxe5 Bxe5 19. dxe6 fxe6 20. Bf3 c6 21. Ne4 Nd7 22. h4 Bxe4 {
Dimitrov,V (2530)-Rodriguez Vargas,O (2415) Terrassa 1996 1-0 (37)}) ({RR} 8.
Qb3 c5 9. Rd1 Qc8 10. a4 O-O 11. a5 N6d7 12. d5 exd5 13. cxd5 Bxb1 14. Rxb1 Bd6
15. Nh4 Ne5 16. Qg3 Kh8 17. b3 f5 18. Bf4 Qc7 19. Qh3 Qf7 20. Re1 Nbd7 21. Bb5
g5 22. Bxg5 Ng4 {De Vreugt,D (2398)-Kallio,H (2360) Patras 1999 1-0 (36)}) ({RR
} 8. Be3 O-O 9. Nc3 Bf6 10. Qd2 Nc6 11. Rad1 Qe7 12. Qc1 Rad8 13. Rd2 Rd7 14.
Rfd1 Rfd8 15. b3 h6 16. h3 Kh8 17. c5 Nd5 18. Nxd5 exd5 19. Bd3 Be4 20. Be2 Bh7
21. Re1 Qf8 22. a3 Re7 {Rogala,D (1800)-Kubit,T (2024) Rudnik 2000 1/2-1/2 (31)
}) 8... Bf6 9. Bb2 c5 10. Qd2 Nc6 11. Rd1 O-O 12. dxc5 Qxd2 13. Rxd2 Bxb2 14.
Rxb2 Nd7 15. b4 a5 16. b5 Ne7 17. c6 bxc6 18. Nd4 c5 19. Nb3 a4 20. N3d2 Bxb1
21. Raxb1 Nb6 22. Ne4 Rfc8 23. Rd2 Nf5 24. Rbd1 Nd4 25. Bf1 e5 26. f4 f6 27.
fxe5 fxe5 28. Re1 Rc7 29. Nc3 Re8 30. Nd5 Nxd5 31. cxd5 Rd7 32. Rc1 Rc8 33. Re1
c4 34. Rxe5 c3 35. Rxd4 c2 36. Re1 c1=Q 37. Rxc1 Rxc1 38. Rxa4 Rd1 39. Rc4 Ra1
40. a4 Rf7 41. h3 Rfxf1+ 42. Kh2 Rh1+ 43. Kg3 Ra3+ 44. Kf2 Rha1 45. b6 R1a2+
46. Kf1 Rb2 0-1

[Event "II Criciúma Chess Open - A1700 - 12-18"]
[Site "Criciúma SC"]
[Date "2024.01.15"]
[Round "5.13"]
[White "Labussiere, Yago"]
[Black "Silva, Juliana Figueira Th"]
[Result "1-0"]
[WhiteElo "2167"]
[BlackElo "1747"]
[PlyCount "65"]
[EventDate "2024.01.12"]
[EventRounds "9"]
[EventCountry "BRA"]

1. d4 Nf6 2. c4 g6 3. Nc3 Bg7 4. e4 d6 5. Nf3 O-O 6. Be2 e5 7. d5 Nbd7 8. Bg5
a5 9. Nd2 Nc5 10. g4 ({RR} 10. b3 Bd7 11. Qc2 h6 12. Bh4 c6 13. O-O Qb8 14. a3
cxd5 15. cxd5 Rc8 16. Bxf6 Bxf6 17. Bb5 Bxb5 18. Nxb5 a4 19. Qd1 axb3 20. Nxb3
Bg5 21. Nxc5 Rxc5 22. Rb1 Qd8 23. Qb3 Rac8 24. Na7 R8c7 {Belous,V (2587)-Fier,
A (2569) Saint Louis 2017 1/2-1/2 (44)}) ({RR} 10. h4 h6 11. Be3 c6 12. g4 Nfd7
13. Qc2 a4 14. O-O-O Qa5 15. a3 Nb6 16. Kb1 Bd7 17. h5 g5 18. dxc6 bxc6 19. Nf3
Be6 20. Rxd6 Nxc4 21. Bxc4 Bxc4 22. Nxg5 Bd3 23. Rxd3 Nxd3 24. Qxd3 hxg5 {
Tari,A (2660)-Agibileg,U (2440) chess.com INT 2022 1-0 (52)}) 10... Bd7 11. h4
Qc8 12. Rg1 h6 $146 ({RR} 12... Nxg4 13. Bxg4 Nd3+ 14. Kf1 Bxg4 15. Qxg4 Qxg4
16. Rxg4 h6 17. Rg3 hxg5 18. Rxd3 gxh4 19. Ke2 f5 20. Rh3 Bf6 21. Nf3 Kf7 22.
Nxh4 Rh8 23. Rah1 Rh5 24. Nf3 {1-0 (24) Arun Prasad,S (2501)-Paul,J (2217)
Dulles USA 2019}) 13. Be3 Ne8 14. h5 g5 15. f3 c6 16. Kf2 Na6 17. a3 Bf6 18.
Qc2 Bd8 19. Rab1 Bc7 20. b4 Nf6 21. dxc6 bxc6 22. b5 cxb5 23. cxb5 Nb8 24. b6
Bxb6 25. Rxb6 d5 26. exd5 Nxd5 27. Rxh6 f5 28. Bc4 Bc6 29. Nxd5 Bxd5 30. Bxd5+
Kg7 31. Rg6+ Kh7 32. Qxc8 Rxc8 33. Rb1 1-0

[Event "II Criciúma Chess Open - A1700 - 12-18"]
[Site "Criciúma SC"]
[Date "2024.01.15"]
[Round "5.14"]
[White "Burgos, Marcelo Alves"]
[Black "De Oliveira, Jairo Quintiliano"]
[Result "1/2-1/2"]
[WhiteElo "2130"]
[BlackElo "1840"]
[PlyCount "68"]
[EventDate "2024.01.12"]
[EventRounds "9"]
[EventCountry "BRA"]

1. d4 {Stockfish 16 Huebner,R} d5 2. c4 c6 3. Nf3 Nf6 4. g3 Bf5 5. Qb3 Qb6 6.
c5 Qxb3 7. axb3 Bxb1 ({RR} 7... Na6 8. Bd2 Ne4 9. e3 Nxd2 10. Kxd2 Nc7 ({RR} 
10... Nb4) 11. Nc3 f6 12. b4 a6 13. Nh4 Bd7 14. Na4 Rd8 15. Nb6 g6 16. Bd3 e5
17. f4 e4 18. Be2 f5 19. Rhc1 Be7 20. Ng2 Be6 21. h3 Kf7 22. Rh1 {Adianto,U 
(2605)-Piket,J (2580) Amsterdam 1996 CBM 055 [Huebner,R] 1/2-1/2 (36)}) ({RR} 
7... h6 8. Nc3 e6 9. b4 Be7 ({RR} 9... a6 10. b5 Be7 11. Ne5 Nfd7 12. Nxd7 Kxd7
13. f3 cxb5 14. e4 dxe4 15. fxe4 Bg6 16. Bxb5+ Nc6 17. Bc4 Nxd4 18. O-O Bxc5
19. Kg2 b5 20. Bd3 Ke7 21. Be3 Rhd8 22. Rad1 Nb3 23. Bf4 Bd4 24. Bc2) 10. b5
O-O 11. Bg2 ({RR} 11. Bf4 cxb5 12. Nxb5 Nc6 13. e3 Be4 14. Bg2 Nb4 15. Kd2 Nd3
16. Bd6 Bxd6 17. Nxd6 Nxf2 18. Rhf1 Bxf3 19. Bxf3 N2e4+ 20. Bxe4 Nxe4+ 21. Nxe4
dxe4 22. Ra4 f5 23. Rfa1 a6 24. Rb4 Rf7 25. Rb6 Re7) 11... cxb5 12. Nxb5 Nc6
13. Bf4 Be4 14. Ra4 Nd7 15. Bd6 ({RR} 15. O-O b6) 15... a6 16. Nc7 Rac8 17. O-O
Bxd6 18. cxd6 Bxf3 19. Bxf3 Nb6 20. Ra2 Nxd4 21. Bg4 Rfd8 22. e3 {Igor Oscar
Lutz (1947)-Pablo Salinas Herrera (2477) Florianopolis 2024 [Stockfish 16] 0-1
(32)}) 8. Rxb1 Na6 $146 ({RR} 8... Nbd7 9. b4 a6 10. Bg2 g6 11. h3 Bg7 12. Bf4
Nh5 13. Be3 e5 14. dxe5 Nxe5 15. Nxe5 Bxe5 16. f4 Bc7 17. Bd4 O-O 18. Kf2 f5
19. e3 Rae8 20. Rbd1 Bd8 21. Bf3 Ng7 22. Rhe1 Ne6 23. Bc3 {Song,M (2177)
-Kraiouchkine,N (2245) Toronto 2012 1-0 (43)}) ({RR} 8... Nbd7 9. e3 e5 10. b4
e4 11. Nh4 a6 12. Be2 Be7 13. O-O g5 14. Nf5 h6 15. Bd2 g4 16. Kg2 Nf8 17. Rh1
Ng6 18. h3 gxh3+ 19. Rxh3 Bf8 20. Rbh1 Ng8 21. f3 exf3+ 22. Kxf3 Kd7 23. g4 {
Sipos,G (2158)-Jensen,L (2027) Budapest 2009 1-0 (42)}) ({RR} 8... Nbd7 9. b4
g6 10. Ra1 a6 11. Bh3 Bg7 12. O-O h6 13. Bd2 Ne4 14. Bc3 f5 15. Rfd1 Kf7 16.
Nd2 Nxd2 17. Rxd2 Nf6 18. f3 h5 19. e3 Rae8 20. Bg2 h4 21. Kf2 g5 22. Re1 g4
23. f4 {Lentrodt,T (2255)-Hilverda,A (2385) Austria 2015 1-0 (88)}) 9. Bf4 Ne4
10. Nd2 g5 11. Be3 Nxd2 12. Kxd2 Bg7 13. f3 Kd7 14. Bh3+ e6 15. Bf2 Ke7 16. Bg2
Bf6 17. Rbd1 e5 18. e3 Nc7 19. Kc2 Ne6 20. Rhe1 Rad8 21. b4 a6 22. dxe5 Bxe5
23. f4 Bf6 24. f5 Nc7 25. e4 dxe4 26. Rxe4+ Kf8 27. Rxd8+ Bxd8 28. Bd4 Rg8 29.
Be5 Nd5 30. Kb3 Bf6 31. Bd6+ Kg7 32. Re2 Rd8 33. Kc4 Nb6+ 34. Kb3 Nc8 1/2-1/2

[Event "II Criciúma Chess Open - A1700 - 12-18"]
[Site "Criciúma SC"]
[Date "2024.01.15"]
[Round "5.15"]
[White "Schena, Arthur"]
[Black "Goncalves, Nata"]
[Result "1/2-1/2"]
[WhiteElo "1878"]
[BlackElo "1998"]
[PlyCount "22"]
[EventDate "2024.01.12"]
[EventRounds "9"]
[EventCountry "BRA"]

1. e4 e5 2. Bc4 Nf6 3. d3 Nc6 4. Nc3 Bc5 5. f4 d6 6. Nf3 exf4 7. Bxf4 O-O 8.
Qd2 ({RR} 8. Bg5 h6 9. Bh4 Be6 10. Bb3 Nd4 11. Rf1 Nxf3+ 12. Qxf3 Bd4 13. Ne2
Bxb2 14. Rb1 Ba3 15. Nf4 Bb4+ 16. Ke2 Bg4 17. Qxg4 Nxg4 18. Bxd8 Raxd8 19. Ng6
Bc5 20. Nxf8 Rxf8 21. h3 Nf6 22. c3 Bb6 {Kasparov,G (2812)-Caruana,F (2795)
Saint Louis 2016 1-0 (69)}) ({RR} 8. Na4 Bb4+ 9. c3 Ba5 10. b4 Bb6 11. Nxb6
axb6 12. O-O Be6 13. Bg5 Bxc4 14. dxc4 Nb8 15. e5 dxe5 16. Qxd8 Rxd8 17. Nxe5
Nbd7 18. Nxd7 Rxd7 19. Bxf6 gxf6 20. a4 Rd3 21. Rf3 Rad8 22. Rxd3 Rxd3 {
Miller,D (2092)-Cummings,D (2335) Banff CAN 2021 1/2-1/2 (42)}) 8... Bb4 $146 (
{RR} 8... Qe7 9. O-O-O Nd4 10. Bg5 Nxf3 11. gxf3 c6 12. d4 Bb6 13. Rde1 Qd8 14.
Ne2 Be6 15. Bd3 c5 16. d5 Bd7 17. Ng3 g6 18. Qf4 Nxd5 19. exd5 Qc7 20. Bf6 Qd8
21. Bxd8 Rfxd8 22. Qf6 Bc7 23. Nh5 {Brodie,H-Thompson,B Edmonton 2000 1-0}) ({
RR} 8... Bg4 9. O-O-O Nb4 10. h3 Be6 11. Bb3 Bxb3 12. axb3 Nc6 13. g4 Re8 14.
g5 Nd7 15. h4 Nde5 16. Qg2 Nxf3 17. Qxf3 Ne5 18. Qg3 a5 19. h5 Qd7 20. d4 Bxd4
21. Rxd4 Qc6 22. Bxe5 dxe5 23. Rc4 {Bach,J (1772)-Oltmanns,B (1468) playchess.
com INT 2011 1-0 (35)}) 9. O-O-O d5 10. exd5 Bxc3 11. Qxc3 Nxd5 1/2-1/2

[Event "II Criciúma Chess Open - A1700 - 12-18"]
[Site "Criciúma SC"]
[Date "2024.01.15"]
[Round "5.16"]
[White "Pimenta, Elisandro Da Silva"]
[Black "Duarte Napoles, Fanny"]
[Result "0-1"]
[WhiteElo "1829"]
[BlackElo "2220"]
[PlyCount "58"]
[EventDate "2024.01.12"]
[EventRounds "9"]
[EventCountry "BRA"]

1. d4 Nf6 2. Nf3 d5 3. e3 c6 4. Bd3 Bg4 5. Nbd2 e6 6. O-O Nbd7 7. c3 ({RR} 7.
c4 Bd6 8. b3 O-O 9. Bb2 Re8 10. e4 e5 11. Re1 dxe4 12. Nxe4 Nxe4 13. Bxe4 f5
14. dxe5 fxe4 15. exd6 exf3 16. Qd2 Nf6 17. Rxe8+ Qxe8 18. Bxf6 gxf6 19. Re1
Qg6 20. Qe3 Bd7 21. Qxf3 Re8 {Lomako,P (2399)-Krivoshey,S (2483) Minsk 2001
0-1 (36)}) 7... Bd6 8. h3 ({RR} 8. Re1 Qc7 9. h3 Bh5 10. e4 dxe4 11. Nxe4 Nxe4
12. Bxe4 Nf6 13. Bc2 O-O-O 14. b3 Rhe8 15. Bg5 h6 16. Bxf6 gxf6 17. g4 Bg6 18.
Bxg6 fxg6 19. Qd3 Qf7 20. c4 Bc7 21. Qe3 g5 22. Rad1 h5 {Bauer,J (1719)
-Hrbolka,L (2107) Prague CZE 2019 0-1}) 8... Bh5 9. Qc2 O-O $146 ({RR} 9... Bg6
10. Re1 Bxd3 11. Qxd3 O-O 12. e4 dxe4 13. Nxe4 Nxe4 14. Rxe4 Nf6 {1/2-1/2 (14)
Kollhoff,J (1740)-Teknis,J (1929) Leck 2014}) 10. e4 dxe4 11. Nxe4 Nxe4 12.
Bxe4 f5 13. Ng5 fxe4 14. Nxe6 Qe7 15. Nxf8 Rxf8 16. Qb3+ Qf7 17. Qxf7+ Bxf7 18.
Be3 a5 19. b3 Nf6 20. Rac1 Nd5 21. c4 Nb4 22. c5 Be7 23. a3 Nd3 24. Rb1 Bf6 25.
b4 axb4 26. axb4 Bc4 27. f3 Re8 28. fxe4 Rxe4 29. Rf3 Rxe3 0-1

[Event "II Criciúma Chess Open - A1700 - 12-18"]
[Site "Criciúma SC"]
[Date "2024.01.15"]
[Round "5.17"]
[White "Gomes, Maria Eduarda Papin"]
[Black "Lima, Kleyton Alcantara"]
[Result "0-1"]
[WhiteElo "1744"]
[BlackElo "2119"]
[PlyCount "58"]
[EventDate "2024.01.12"]
[EventRounds "9"]
[EventCountry "BRA"]

1. d4 Nf6 2. c4 e6 3. Nc3 Bb4 4. f3 c5 5. a3 Ba5 ({RR} 5... cxd4 6. axb4 dxc3
7. e4 d5 8. bxc3 dxe4 9. Qc2 Nbd7 10. fxe4 b6 11. Bf4 e5 12. Bg5 Bb7 13. Bd3 h6
14. Bh4 g5 15. Bf2 Ng4 16. Rd1 Qf6 17. Nf3 Nxf2 18. Qxf2 O-O 19. O-O Qe7 20.
Qg3 {Timofeev,A (2616)-Makarov,M (2518) Loo 2013 1-0}) 6. e3 ({RR} 6. d5 exd5
7. cxd5 b5 8. e4 a6 9. Bd3 d6 10. Nge2 O-O 11. O-O Nbd7 12. Ng3 Ne5 13. Be2 Re8
14. f4 Bxc3 15. bxc3 Nc4 16. Bxc4 bxc4 17. Qc2 Rb8 18. f5 Ng4 19. Bf4 Qh4 20.
h3 Ne5 {Aldokhin,I (2413)-Urquhart,E (2209) chess.com INT 2021 1-0 (37)}) 6...
d5 7. Bd3 dxc4 $146 ({RR} 7... cxd4 8. exd4 dxc4 9. Bxc4 Qc7 10. Qd3 O-O 11.
Bg5 Rd8 12. Nge2 Nc6 13. Ba2 Bb6 14. Be3 e5 15. d5 Bxe3 16. Qxe3 Ne7 17. Rd1
Nf5 18. Qf2 b6 19. O-O Ba6 20. Rfe1 Bxe2 21. Qxe2 Re8 22. Qc4 {Erdogan,H (2233)
-Gashimov,V (2470) Batumi 2002 0-1 (59)}) 8. Bxc4 O-O 9. Nge2 cxd4 10. exd4 h6
11. O-O Nc6 12. Kh1 Bb6 13. d5 Ne5 14. Ba2 Re8 15. d6 a6 16. Ng3 Bd7 17. Re1
Ng6 18. Nge4 Bc6 19. b4 Nh4 20. Be3 Nxe4 21. Nxe4 Bxe3 22. Rxe3 a5 23. Qd4 Nf5
24. Qc5 Nxe3 25. Qxe3 axb4 26. axb4 Bd5 27. Qd2 Rxa2 28. Rxa2 Bxa2 29. Qxa2 f5
0-1

[Event "II Criciúma Chess Open - A1700 - 12-18"]
[Site "Criciúma SC"]
[Date "2024.01.15"]
[Round "5.18"]
[White "Lage, Pedro Ferreira"]
[Black "Jenidarchiche, Douglas Rodrigo"]
[Result "1-0"]
[WhiteElo "2100"]
[BlackElo "1845"]
[PlyCount "67"]
[EventDate "2024.01.12"]
[EventRounds "9"]
[EventCountry "BRA"]

1. c4 Nf6 2. Nc3 d5 3. cxd5 Nxd5 4. g3 Nxc3 5. bxc3 Qd5 6. Nf3 e5 7. Bg2 Be7 ({
RR} 7... Nc6 8. O-O Qa5 9. d4 e4 10. Ng5 Qxc3 11. Be3 Bf5 12. d5 Nb4 13. a3 Na6
14. Qa4+ Ke7 15. Rab1 Nc5 16. Bxc5+ Qxc5 17. Rfc1 Qxd5 18. Rxc7+ Kf6 19. Rb5 {
1-0 (19) Le Quang Liem (2727)-Soumya,S (2361) Abu Dhabi UAE 2018}) 8. O-O O-O
9. d3 c5 $146 ({RR} 9... c6 10. Bb2 Qb5 11. Rb1 Qa5 12. Nd2 Nd7 13. Nc4 Qc7 14.
a4 Nb6 15. Ne3 Be6 16. c4 Rad8 17. Qb3 Bc5 18. a5 Nd7 19. Bc3 Rb8 20. Qa4 Bd4
21. Bb4 c5 22. Ba3 Nf6 23. Bc1 Bd7 24. Qa3 {Sterzl,P-Dorner,A Weiler 1993 1-0 
(52)}) 10. Bb2 Nc6 11. Nd4 Qd6 12. Nxc6 bxc6 13. Qa4 Bd7 14. Rab1 Rab8 15. Ba3
Qc7 16. d4 exd4 17. cxd4 Rb5 18. Rxb5 cxb5 19. Qc2 Rc8 20. Rc1 Be6 21. Bxc5
Bxc5 22. dxc5 Bc4 23. c6 g6 24. a4 a6 25. Qe4 Qd6 26. e3 Qb4 27. axb5 axb5 28.
Bh3 Rc7 29. Qe5 Qd2 30. Rxc4 bxc4 31. Qxc7 c3 32. Qb8+ Kg7 33. c7 c2 34. Qb2+
1-0

[Event "II Criciúma Chess Open - A1700 - 12-18"]
[Site "Criciúma SC"]
[Date "2024.01.15"]
[Round "5.19"]
[White "Cunha E Silva, Carlos Alberto V."]
[Black "Woichinevski, Joao Vinicius Peru"]
[Result "0-1"]
[WhiteElo "1984"]
[BlackElo "1747"]
[PlyCount "46"]
[EventDate "2024.01.12"]
[EventRounds "9"]
[EventCountry "BRA"]

1. e4 e5 2. Nf3 Nf6 3. Nxe5 d6 4. Nf3 Nxe4 5. d4 d5 6. Bd3 Bf5 7. O-O Be7 8.
Re1 O-O 9. Nbd2 Nd6 10. Nf1 Nd7 11. Ng3 ({RR} 11. Bxf5 Nxf5 12. Qd3 g6 13. Bf4
Bd6 14. Bg5 f6 15. Bd2 c6 16. b3 Qc7 17. c4 dxc4 18. bxc4 b6 19. Bc3 Rfe8 20.
N1d2 Bf8 21. Bb2 Rad8 22. Qb3 Bg7 23. Ne4 Kh8 24. Rad1 Re6 25. Nc3 Rde8 {
Ragger,M (2664)-Stohl,I (2458) Czech Republic CZE 2021 1-0 (42)}) 11... Bg6 12.
Bf4 Re8 13. Ne5 Nf8 $146 ({RR} 13... Nxe5 14. Bxe5 Bf6 15. Bxg6 hxg6 16. Bxd6
Qxd6 17. Qd2 Kf8 18. c3 Rxe1+ 19. Rxe1 Re8 {1/2-1/2 (19) Vujakovic,B (2385)
-Zaja,I (2405) Tucepi 1996}) 14. Nxg6 Nxg6 15. Be3 c6 16. f4 Qd7 17. Qh5 Bf6
18. b3 Rxe3 19. Rxe3 Bxd4 20. Rae1 Re8 21. Qf3 Rxe3 22. Rxe3 Qe7 23. Kf2 Nh4
0-1

[Event "II Criciúma Chess Open - A1700 - 12-18"]
[Site "Criciúma SC"]
[Date "2024.01.15"]
[Round "5.20"]
[White "Borger, David Lupovici"]
[Black "Dias, Clara"]
[Result "0-1"]
[WhiteElo "1899"]
[BlackElo "1717"]
[PlyCount "92"]
[EventDate "2024.01.12"]
[EventRounds "9"]
[EventCountry "BRA"]

1. e4 c5 2. d4 cxd4 3. c3 dxc3 4. Nxc3 Nc6 5. Bc4 e6 6. Nf3 Bb4 7. O-O Nge7 8.
Qc2 O-O 9. Rd1 Ng6 10. Be3 b6 11. Rac1 $146 ({RR} 11. Bg5 Be7 12. Bxe7 Qxe7 13.
Nb5 Na5 14. Bf1 Bb7 15. Nd6 Bc6 16. Ba6 Rab8 17. b4 Bb7 18. Nxb7 Nxb7 19. Qc7
d5 20. Rac1 dxe4 21. Qxe7 Nxe7 22. Ne5 Nd5 23. Nd7 Nd6 24. Nxb8 Rxb8 25. Rc6
Nf5 {Xu,G (2231)-Hardaway,B (2169) New York USA 2022 1/2-1/2 (94)}) 11... Bb7
12. Ng5 Qe7 13. f4 h6 14. Nh3 Rac8 15. Bd3 Bxc3 16. bxc3 Nb4 17. Qe2 Nxd3 18.
Qxd3 d5 19. e5 Nh4 20. Bd4 Qa3 21. g4 Qxa2 22. Qg3 Ng6 23. f5 Ne7 24. Nf4 exf5
25. Nh5 Qe2 26. h3 fxg4 27. hxg4 Nc6 28. Be3 Rfe8 29. Rd2 Qc4 30. Nxg7 Kxg7 31.
Bxh6+ Kg8 32. Qh4 Re6 33. Re1 Qxc3 34. Bf4 Nd4 35. Rf1 Nf3+ 36. Rxf3 Qxf3 37.
Rf2 Qd1+ 38. Rf1 Qd4+ 39. Rf2 Rg6 40. Kh2 Qd1 41. e6 Rxe6 42. Bd2 d4 43. Kg3
Qg1+ 44. Kf4 Re4+ 45. Kf5 Rc5+ 46. Kf6 Re6# 0-1

[Event "II Criciúma Chess Open - A1700 - 12-18"]
[Site "Criciúma SC"]
[Date "2024.01.15"]
[Round "5.21"]
[White "Mariano, Kaiki Pereira"]
[Black "Bitencourt, Evandro Jose Dos S"]
[Result "0-1"]
[WhiteElo "1700"]
[BlackElo "1863"]
[PlyCount "130"]
[EventDate "2024.01.12"]
[EventRounds "9"]
[EventCountry "BRA"]

1. c4 c5 2. Nc3 Nc6 3. g3 g6 4. Bg2 Bg7 5. d3 d6 6. Qd2 e5 7. e3 Nge7 8. Nge2
O-O 9. b3 ({RR} 9. a3 a5 10. Rb1 Be6 11. Nd5 b5 12. b3 Rb8 13. O-O bxc4 14.
dxc4 f5 15. Rd1 e4 16. a4 Ne5 17. Ndc3 Nf3+ 18. Bxf3 exf3 19. Nf4 Bf7 20. Nb5
g5 21. Nh3 Ng6 22. Qxd6 h6 23. Ba3 Qxd6 {Maghsoodloo,P (2701)-Eljanov,P (2691)
Toledo ESP 2021 1/2-1/2 (70)}) 9... Be6 10. Nd5 Qd7 11. O-O $146 ({RR} 11. h3
Rab8 12. Bb2 b5 13. Kf1 f5 14. Kg1 a6 15. Kh2 h6 16. Rhf1 Kh7 17. Rad1 Bg8 18.
f4 Nxd5 19. cxd5 Nb4 20. Nc3 exf4 21. gxf4 Bxc3 22. Bxc3 Nxd5 23. Ba1 Be6 24.
e4 Nb6 25. d4 fxe4 {Markowski,T (2515)-Straub,N (2335) Groningen 1997 0-1 (42)}
) 11... Bh3 12. Bb2 Bxg2 13. Kxg2 Nxd5 14. cxd5 Ne7 15. e4 Rae8 16. f4 f6 17.
h3 Kh8 18. fxe5 fxe5 19. g4 Ng8 20. Ng3 Bh6 21. g5 Bg7 22. Qe2 Ne7 23. h4 Kg8
24. Rae1 Nc8 25. h5 Rxf1 26. Rxf1 Rf8 27. hxg6 hxg6 28. Rh1 Qf7 29. Bc1 a6 30.
Be3 Na7 31. Qg4 Nb5 32. Rf1 Qe8 33. Nf5 gxf5 34. exf5 Qf7 35. g6 Qxd5+ 36. Rf3
Nd4 37. Bxd4 exd4 38. Qh5 Re8 39. Qh7+ Kf8 40. Kf2 Qe5 41. f6 Qe1+ 42. Kg2 Re2+
43. Kh3 Qh1+ 44. Kg4 Qxh7 45. fxg7+ Kxg7 46. gxh7 Kxh7 47. Rf7+ Kg6 48. Rd7
Rxa2 49. Rxd6+ Kf7 50. Kf4 Ra5 51. Rd7+ Ke6 52. Rxb7 Rb5 53. Ra7 Rb6 54. Ke4
Kd6 55. Rh7 Kc6 56. Rh1 Rxb3 57. Rc1 a5 58. Ra1 Kb5 59. Kd5 a4 60. Rc1 Rc3 61.
Rb1+ Ka5 62. Kc6 a3 63. Rb8 Ka4 64. Ra8+ Kb3 65. Rb8+ Kc2 0-1